[Event "Muensterland Verbandsklasse 2526"]
[Site "Germany"]
[Date "2026.01.31"]
[Round "2"]
[Board "8"]
[White "Meier, Josef"]
[Black "Bars, Joachim"]
[Result "0-1"]
[WhiteElo "1270"]
[BlackElo "1662"]
[WhiteFideId "-1"]
[BlackFideId "-1"]
[PlyCount "37"]
[GameId "2095107615425779"]
[EventDate "2025.??.??"]
[EventType "team-tourn"]
[EventRounds "9"]
[EventCountry "GER"]
[SourceTitle "Verband Muensterland"]
[SourceDate "2026.01.17"]
[SourceVersion "1"]
[SourceVersionDate "2026.01.17"]
[SourceQuality "1"]
[WhiteTeam "Steinfurt II"]
[BlackTeam "Drensteinfurt"]
[WhiteTeamCountry "GER"]
[BlackTeamCountry "GER"]

1. f4 d5 2. Nf3 Nf6 3. e3 c5 4. Be2 Nc6 5. b3 h6 6. Bb2 Bf5 7. d3 e6 8. Nbd2 Be7 9. O-O O-O 10. Ne5 Qc7 11. Ndf3 Ng4 12. Qd2 Bf6 13. Rab1 Ngxe5 14. Nxe5 Nxe5 15. fxe5 Bxe5 16. Bxe5 Qxe5 17. Bf3 Rad8 18. e4 dxe4 19. Bxe4 0-1

[Event "Muensterland Verbandsklasse 2526"]
[Site "Germany"]
[Date "2025.11.15"]
[Round "3"]
[Board "1"]
[White "Kloenne, Tim"]
[Black "Welling, Konrad"]
[Result "0-1"]
[WhiteElo "1803"]
[BlackElo "1835"]
[WhiteFideId "-1"]
[BlackFideId "-1"]
[PlyCount "44"]
[GameId "2095106920076468"]
[EventDate "2025.??.??"]
[EventType "team-tourn"]
[EventRounds "9"]
[EventCountry "GER"]
[SourceTitle "Verband Muensterland"]
[SourceDate "2026.01.17"]
[SourceVersion "1"]
[SourceVersionDate "2026.01.17"]
[SourceQuality "1"]
[WhiteTeam "Gronau II"]
[BlackTeam "Bocholt II"]
[WhiteTeamCountry "GER"]
[BlackTeamCountry "GER"]

1. c4 e5 2. Nc3 Nc6 3. g3 f5 4. Bg2 Nf6 5. d3 Bb4 6. a3 Bxc3+ 7. bxc3 d6 8. Nf3 O-O 9. O-O Qe8 10. Qb3 Qh5 11. Qa2 f4 12. c5+ Kh8 13. cxd6 cxd6 14. a4 Bh3 15. Ba3 Ng4 16. Bxd6 Rf6 17. Bb4 fxg3 18. Bxh3 gxh2+ 19. Kh1 Qxh3 20. Qd5 Rd8 21. Qe4 Rf4 22. Ng5 Qh5 0-1

[Event "Muensterland Verbandsklasse 2526"]
[Site "Germany"]
[Date "2025.11.15"]
[Round "3"]
[Board "2"]
[White "Heister, Jonas"]
[Black "Reinhold, Klaus"]
[Result "1/2-1/2"]
[WhiteElo "1743"]
[BlackElo "1773"]
[WhiteFideId "-1"]
[BlackFideId "-1"]
[PlyCount "73"]
[GameId "2095107169440957"]
[EventDate "2025.??.??"]
[EventType "team-tourn"]
[EventRounds "9"]
[EventCountry "GER"]
[SourceTitle "Verband Muensterland"]
[SourceDate "2026.01.17"]
[SourceVersion "1"]
[SourceVersionDate "2026.01.17"]
[SourceQuality "1"]
[WhiteTeam "Bocholt II"]
[BlackTeam "Gronau II"]
[WhiteTeamCountry "GER"]
[BlackTeamCountry "GER"]

1. d4 d5 2. c4 c6 3. Nc3 Nf6 4. cxd5 cxd5 5. Nf3 Nc6 6. Bf4 Qb6 7. Na4 Qa5+ 8. Bd2 Qd8 9. e3 Bf5 10. Bb5 Nd7 11. O-O e6 12. a3 Bd6 13. Rc1 Rc8 14. h3 O-O 15. Qb3 Be4 16. Be2 Rb8 17. Nc3 Bxf3 18. Bxf3 Na5 19. Qa2 Nc4 20. Nb1 Nf6 21. Be2 b5 22. a4 Nxd2 23. Nxd2 bxa4 24. Rc6 Qd7 25. Rfc1 Rb4 26. Bd1 Rfb8 27. Bxa4 Rxb2 28. Qxb2 Rxb2 29. Rc8+ Qxc8 30. Rxc8+ Bf8 31. Rc2 Rb8 32. Ra2 a5 33. Nb3 Bd6 34. g3 Ne4 35. Nxa5 Nc3 36. Ra1 Ra8 37. Bc2 1/2-1/2

[Event "Muensterland Verbandsklasse 2526"]
[Site "Germany"]
[Date "2025.11.15"]
[Round "3"]
[Board "3"]
[White "Binger, Friedhelm"]
[Black "Harbring, Thorben"]
[Result "0-1"]
[WhiteElo "1688"]
[BlackElo "1743"]
[WhiteFideId "-1"]
[BlackFideId "-1"]
[PlyCount "36"]
[GameId "2095107233178822"]
[EventDate "2025.??.??"]
[EventType "team-tourn"]
[EventRounds "9"]
[EventCountry "GER"]
[SourceTitle "Verband Muensterland"]
[SourceDate "2026.01.17"]
[SourceVersion "1"]
[SourceVersionDate "2026.01.17"]
[SourceQuality "1"]
[WhiteTeam "Gronau II"]
[BlackTeam "Bocholt II"]
[WhiteTeamCountry "GER"]
[BlackTeamCountry "GER"]

1. e4 c5 2. Nf3 Nc6 3. d4 cxd4 4. Nxd4 g6 5. Nc3 Bg7 6. Be3 Nf6 7. Be2 O-O 8. O-O d6 9. Qd2 Re8 10. f4 Bg4 11. Nxc6 bxc6 12. Rad1 Bxe2 13. Qxe2 Qa5 14. Qc4 Rab8 15. Bc1 Ng4 16. Kh1 Qh5 17. h3 Bxc3 18. Qxc3 Nf2+ 0-1

[Event "Muensterland Verbandsklasse 2526"]
[Site "Germany"]
[Date "2025.11.15"]
[Round "3"]
[Board "4"]
[White "Robeling, Stephan"]
[Black "Schoewer Lingemann, Thorsten"]
[Result "1-0"]
[WhiteElo "1762"]
[BlackElo "1729"]
[WhiteFideId "-1"]
[BlackFideId "-1"]
[PlyCount "77"]
[GameId "2095107319190735"]
[EventDate "2025.??.??"]
[EventType "team-tourn"]
[EventRounds "9"]
[EventCountry "GER"]
[SourceTitle "Verband Muensterland"]
[SourceDate "2026.01.17"]
[SourceVersion "1"]
[SourceVersionDate "2026.01.17"]
[SourceQuality "1"]
[WhiteTeam "Bocholt II"]
[BlackTeam "Gronau II"]
[WhiteTeamCountry "GER"]
[BlackTeamCountry "GER"]

1. d4 Nf6 2. Nc3 g6 3. e4 d6 4. Be2 Bg7 5. Be3 Nc6 6. f3 e5 7. d5 Ne7 8. Qd2 h5 9. h4 Neg8 10. Nh3 Bxh3 11. Rxh3 Bh6 12. O-O-O a6 13. g4 Bxe3 14. Qxe3 Qd7 15. Rg1 c5 16. dxc6 Qxc6 17. g5 Nd7 18. Rd1 Nb6 19. Qd2 O-O-O 20. f4 Ne7 21. fxe5 dxe5 22. Rd3 Rxd3 23. Qxd3 Qc7 24. Bf1 Nc6 25. Qd6 Qxd6 26. Rxd6 Kc7 27. Rf6 Nd8 28. Nd5+ Nxd5 29. exd5 Re8 30. Kd2 Kd7 31. Ke3 Ke7 32. b4 Kf8 33. c4 Re7 34. c5 Ke8 35. Bh3 Kf8 36. Ke4 Rc7 37. Kxe5 Re7+ 38. Kd6 Ke8 39. c6 1-0

[Event "Muensterland Verbandsklasse 2526"]
[Site "Germany"]
[Date "2025.11.15"]
[Round "3"]
[Board "5"]
[White "Naber, Wolfgang"]
[Black "Tepasse, Wilhelm"]
[Result "1/2-1/2"]
[WhiteElo "1666"]
[BlackElo "1677"]
[WhiteFideId "-1"]
[BlackFideId "-1"]
[PlyCount "76"]
[GameId "2095107403830488"]
[EventDate "2025.??.??"]
[EventType "team-tourn"]
[EventRounds "9"]
[EventCountry "GER"]
[SourceTitle "Verband Muensterland"]
[SourceDate "2026.01.17"]
[SourceVersion "1"]
[SourceVersionDate "2026.01.17"]
[SourceQuality "1"]
[WhiteTeam "Gronau II"]
[BlackTeam "Bocholt II"]
[WhiteTeamCountry "GER"]
[BlackTeamCountry "GER"]

1. c4 c5 2. Nc3 Nf6 3. Nf3 Nc6 4. d4 cxd4 5. Nxd4 g6 6. g3 Bg7 7. Bg2 O-O 8. O-O a6 9. e4 Nxd4 10. Qxd4 d6 11. Qd3 Rb8 12. Rb1 Bd7 13. b3 Bc6 14. Bb2 Re8 15. Nd5 Nd7 16. Bxg7 Kxg7 17. f4 Bxd5 18. Qxd5 Qb6+ 19. Kh1 Qc5 20. Rbd1 Red8 21. Rd2 b5 22. cxb5 Rxb5 23. Rfd1 Qb6 24. Qd4+ Qxd4 25. Rxd4 Ra5 26. R4d2 f6 27. Rc1 Rc5 28. Rxc5 Nxc5 29. b4 Na4 30. Bf1 Ra8 31. Rc2 a5 32. bxa5 Nc5 33. e5 Rxa5 34. exd6 exd6 35. Bc4 f5 36. Rd2 Ne4 37. Rd5 Ra3 38. Rb5 Ra7 1/2-1/2

[Event "Muensterland Verbandsklasse 2526"]
[Site "Germany"]
[Date "2025.11.15"]
[Round "3"]
[Board "6"]
[White "Harbring, Morten"]
[Black "Schlueter, Gerhard"]
[Result "1-0"]
[WhiteElo "1535"]
[BlackElo "1606"]
[WhiteFideId "-1"]
[BlackFideId "-1"]
[PlyCount "69"]
[GameId "2095107464140001"]
[EventDate "2025.??.??"]
[EventType "team-tourn"]
[EventRounds "9"]
[EventCountry "GER"]
[SourceTitle "Verband Muensterland"]
[SourceDate "2026.01.17"]
[SourceVersion "1"]
[SourceVersionDate "2026.01.17"]
[SourceQuality "1"]
[WhiteTeam "Bocholt II"]
[BlackTeam "Gronau II"]
[WhiteTeamCountry "GER"]
[BlackTeamCountry "GER"]

1. e4 e5 2. Nf3 Nc6 3. Bc4 Be7 4. c3 Nf6 5. d3 O-O 6. O-O d6 7. h3 h6 8. Be3 Bd7 9. Nbd2 Na5 10. Bb3 Nxb3 11. Qxb3 Bc6 12. Qc2 Nh7 13. Nc4 Bd7 14. d4 exd4 15. Nxd4 Bf6 16. Rfe1 Bxd4 17. Bxd4 Qh4 18. Re3 Ng5 19. Rg3 Ne6 20. Rd1 Nxd4 21. Rxd4 Qe7 22. Qd2 Kh7 23. e5 Be6 24. exd6 cxd6 25. Nxd6 a5 26. a3 Ra6 27. b4 axb4 28. axb4 Rfa8 29. Qf4 Ra1+ 30. Kh2 Re1 31. Re3 Raa1 32. Qe4+ f5 33. Nxf5 Rh1+ 34. Kg3 Qc7+ 35. Nd6+ 1-0

[Event "Muensterland Verbandsklasse 2526"]
[Site "Germany"]
[Date "2025.11.15"]
[Round "3"]
[Board "7"]
[White "Baer, Klaus"]
[Black "Mager, Helmut"]
[Result "1/2-1/2"]
[WhiteElo "1577"]
[BlackElo "1515"]
[WhiteFideId "-1"]
[BlackFideId "-1"]
[PlyCount "86"]
[GameId "2095107553645802"]
[EventDate "2025.??.??"]
[EventType "team-tourn"]
[EventRounds "9"]
[EventCountry "GER"]
[SourceTitle "Verband Muensterland"]
[SourceDate "2026.01.17"]
[SourceVersion "1"]
[SourceVersionDate "2026.01.17"]
[SourceQuality "1"]
[WhiteTeam "Gronau II"]
[BlackTeam "Bocholt II"]
[WhiteTeamCountry "GER"]
[BlackTeamCountry "GER"]

1. d4 d5 2. Nf3 Nf6 3. e3 Bg4 4. c4 e6 5. Nc3 c6 6. Bd3 Be7 7. O-O O-O 8. Bd2 Re8 9. Rc1 Nbd7 10. Re1 Rc8 11. h3 Bh5 12. cxd5 exd5 13. e4 dxe4 14. Nxe4 Bg6 15. Nxf6+ Nxf6 16. Bxg6 hxg6 17. Bc3 Nd5 18. Qd2 Bd6 19. Rxe8+ Qxe8 20. Re1 Qd7 21. Ne5 Qf5 22. g4 Qf6 23. Re4 Qh4 24. Kg2 Re8 25. Nf3 Qd8 26. Rxe8+ Qxe8 27. Ne5 f6 28. Nd3 g5 29. Kf3 b6 30. Kg2 Qe4+ 31. f3 Nf4+ 32. Nxf4 Qxf4 33. Qxf4 Bxf4 34. Kf2 Kf7 35. Ke2 Ke6 36. Kd3 Kd5 37. b3 g6 38. Bb2 f5 39. Bc3 Bc1 40. Kc2 Ba3 41. Kd3 Be7 42. Bd2 Bf6 43. Bc3 Bd8 1/2-1/2

[Event "Muensterland Verbandsklasse 2526"]
[Site "Germany"]
[Date "2025.11.15"]
[Round "3"]
[Board "8"]
[White "Schneiders, Ben"]
[Black "Hauser, Emilian"]
[Result "1-0"]
[WhiteElo "1729"]
[BlackElo "1522"]
[WhiteFideId "-1"]
[BlackFideId "-1"]
[PlyCount "43"]
[GameId "2095107615425779"]
[EventDate "2025.??.??"]
[EventType "team-tourn"]
[EventRounds "9"]
[EventCountry "GER"]
[SourceTitle "Verband Muensterland"]
[SourceDate "2026.01.17"]
[SourceVersion "1"]
[SourceVersionDate "2026.01.17"]
[SourceQuality "1"]
[WhiteTeam "Bocholt II"]
[BlackTeam "Gronau II"]
[WhiteTeamCountry "GER"]
[BlackTeamCountry "GER"]

1. e4 e5 2. Nf3 Nc6 3. Bc4 Bc5 4. c3 Nf6 5. d4 exd4 6. O-O Nxe4 7. cxd4 Be7 8. d5 Nd6 9. dxc6 Nxc4 10. Qd4 d5 11. cxb7 Bxb7 12. Qxg7 Rf8 13. Re1 Qd6 14. b3 O-O-O 15. Rxe7 Qxe7 16. Bg5 Qe2 17. Nc3 Qb2 18. Rb1 Rg8 19. Qd4 Rde8 20. Rxb2 Nxb2 21. Bf4 Rg6 22. g3 1-0

[Event "Muensterland Verbandsklasse 2526"]
[Site "Germany"]
[Date "2025.11.15"]
[Round "3"]
[Board "1"]
[White "Wenning, Niels"]
[Black "Prokscha, Maurice"]
[Result "1-0"]
[WhiteElo "1915"]
[BlackElo "1781"]
[WhiteFideId "-1"]
[BlackFideId "-1"]
[PlyCount "80"]
[GameId "2244863884050432"]
[EventDate "2025.??.??"]
[EventType "team-tourn"]
[EventRounds "9"]
[EventCountry "GER"]
[SourceTitle "Verband Muensterland"]
[SourceDate "2026.01.17"]
[SourceVersion "1"]
[SourceVersionDate "2026.01.17"]
[SourceQuality "1"]
[WhiteTeam "Greven"]
[BlackTeam "Drensteinfurt"]
[WhiteTeamCountry "GER"]
[BlackTeamCountry "GER"]

1. e4 c5 2. Nf3 d6 3. d4 cxd4 4. Nxd4 Nf6 5. Nc3 a6 6. Be3 g6 7. f3 Bg7 8. Qd2 Bd7 9. g4 Nc6 10. O-O-O b5 11. Nd5 Ne5 12. Bh6 O-O 13. Bxg7 Kxg7 14. Nxf6 exf6 15. h4 h6 16. Be2 Qc7 17. h5 g5 18. Kb1 Rfd8 19. Rhg1 Be6 20. c3 Qa5 21. Nxe6+ fxe6 22. Rgf1 Qb6 23. Qd4 Qxd4 24. cxd4 Nd7 25. Rc1 Rdc8 26. Rxc8 Rxc8 27. Rc1 Rxc1+ 28. Kxc1 Nb6 29. Kc2 Kf7 30. b3 d5 31. Kc3 dxe4 32. fxe4 a5 33. Bxb5 Ke7 34. b4 a4 35. a3 Kd6 36. Kd3 Kc7 37. Bc4 Kd6 38. Ba6 Kc6 39. Bc4 Kd6 40. Kc3 Kc6 1-0

[Event "Muensterland Verbandsklasse 2526"]
[Site "Germany"]
[Date "2025.11.15"]
[Round "3"]
[Board "3"]
[White "Volk, Hans Ludwig"]
[Black "Broeker, Yannic"]
[Result "1/2-1/2"]
[WhiteElo "1756"]
[BlackElo "1863"]
[WhiteFideId "-1"]
[BlackFideId "-1"]
[PlyCount "33"]
[GameId "2244864056016896"]
[EventDate "2025.??.??"]
[EventType "team-tourn"]
[EventRounds "9"]
[EventCountry "GER"]
[SourceTitle "Verband Muensterland"]
[SourceDate "2026.01.17"]
[SourceVersion "1"]
[SourceVersionDate "2026.01.17"]
[SourceQuality "1"]
[WhiteTeam "Greven"]
[BlackTeam "Drensteinfurt"]
[WhiteTeamCountry "GER"]
[BlackTeamCountry "GER"]

1. c4 Nf6 2. Nc3 c5 3. e4 Nc6 4. Be2 e6 5. f4 d5 6. e5 d4 7. exf6 dxc3 8. fxg7 cxd2+ 9. Qxd2 Qxd2+ 10. Bxd2 Bxg7 11. O-O-O b6 12. Bf3 Bb7 13. Ne2 O-O-O 14. Bc3 Bxc3 15. Nxc3 Nd4 16. Bxb7+ Kxb7 17. Rd2 1/2-1/2

[Event "Muensterland Verbandsklasse 2526"]
[Site "Germany"]
[Date "2025.11.15"]
[Round "3"]
[Board "4"]
[White "Saphoerster, Arne"]
[Black "Toews, Andreas"]
[Result "1-0"]
[WhiteElo "1705"]
[BlackElo "1675"]
[WhiteFideId "-1"]
[BlackFideId "-1"]
[PlyCount "43"]
[GameId "2244864349618176"]
[EventDate "2025.??.??"]
[EventType "team-tourn"]
[EventRounds "9"]
[EventCountry "GER"]
[SourceTitle "Verband Muensterland"]
[SourceDate "2026.01.17"]
[SourceVersion "1"]
[SourceVersionDate "2026.01.17"]
[SourceQuality "1"]
[WhiteTeam "Drensteinfurt"]
[BlackTeam "Greven"]
[WhiteTeamCountry "GER"]
[BlackTeamCountry "GER"]

1. d4 d5 2. c4 Nf6 3. Nf3 c6 4. g3 g6 5. Bg2 Bg7 6. O-O O-O 7. Nc3 Nbd7 8. cxd5 cxd5 9. Bf4 a6 10. a4 Nb6 11. b3 Be6 12. Ng5 Rc8 13. Nxe6 fxe6 14. Qd2 Nbd7 15. Bh3 Rc6 16. b4 Qc8 17. Rfc1 Kf7 18. b5 Rc4 19. Qe3 Ne4 20. Nxe4 Bxd4 21. Ng5+ Ke8 22. Qxd4 1-0

[Event "Muensterland Verbandsklasse 2526"]
[Site "Germany"]
[Date "2025.11.15"]
[Round "3"]
[Board "5"]
[White "Soppe, Peter"]
[Black "Walter, Kiara Laurien"]
[Result "0-1"]
[WhiteElo "1547"]
[BlackElo "1690"]
[WhiteFideId "-1"]
[BlackFideId "-1"]
[PlyCount "84"]
[GameId "2244864425115648"]
[EventDate "2025.??.??"]
[EventType "team-tourn"]
[EventRounds "9"]
[EventCountry "GER"]
[SourceTitle "Verband Muensterland"]
[SourceDate "2026.01.17"]
[SourceVersion "1"]
[SourceVersionDate "2026.01.17"]
[SourceQuality "1"]
[WhiteTeam "Greven"]
[BlackTeam "Drensteinfurt"]
[WhiteTeamCountry "GER"]
[BlackTeamCountry "GER"]

1. c4 c5 2. g3 g6 3. Bg2 Nc6 4. Nc3 Bg7 5. e3 d6 6. Nge2 Nf6 7. O-O e6 8. d4 cxd4 9. exd4 d5 10. cxd5 Nxd5 11. Nxd5 exd5 12. Be3 O-O 13. Rc1 Be6 14. Nf4 Qd7 15. Qd2 Rad8 16. Rfd1 Bg4 17. Re1 Ne7 18. h3 Bf5 19. g4 Be6 20. Nxe6 fxe6 21. Bg5 Bf6 22. Bh6 Rf7 23. Qe3 Bh4 24. Rc2 Rc8 25. Rxc8+ Nxc8 26. Re2 Nb6 27. Bf3 Rf6 28. b3 Qf7 29. Kg2 g5 30. Bxg5 Rxf3 31. Qxf3 Bxg5 32. Qxf7+ Kxf7 33. Kf3 Nd7 34. Rc2 Bd8 35. Ke3 Bb6 36. f4 Kf6 37. Rc8 Kf7 38. h4 e5 39. fxe5 Nxe5 40. Rb8 Bxd4+ 41. Kf4 Ng6+ 42. Kg3 Be5+ 0-1

[Event "Muensterland Verbandsklasse 2526"]
[Site "Germany"]
[Date "2025.11.15"]
[Round "3"]
[Board "6"]
[White "Walter, Kiron"]
[Black "Kuestermann, Dieter"]
[Result "0-1"]
[WhiteElo "1566"]
[BlackElo "1580"]
[WhiteFideId "-1"]
[BlackFideId "-1"]
[PlyCount "46"]
[GameId "2244864525778944"]
[EventDate "2025.??.??"]
[EventType "team-tourn"]
[EventRounds "9"]
[EventCountry "GER"]
[SourceTitle "Verband Muensterland"]
[SourceDate "2026.01.17"]
[SourceVersion "1"]
[SourceVersionDate "2026.01.17"]
[SourceQuality "1"]
[WhiteTeam "Drensteinfurt"]
[BlackTeam "Greven"]
[WhiteTeamCountry "GER"]
[BlackTeamCountry "GER"]

1. e4 e5 2. Nf3 Nc6 3. Bc4 Bc5 4. c3 d6 5. O-O Nf6 6. d4 exd4 7. cxd4 Bb6 8. Nc3 Bg4 9. d5 Bxf3 10. Qxf3 Ne5 11. Qe2 O-O 12. Bb3 h6 13. Kh1 Nfg4 14. f4 Nxh2 15. fxe5 Nxf1 16. Qg4 dxe5 17. Bxh6 Qf6 18. Bg5 Qf2 19. Ne2 Qxe2 20. Qh4 Bf2 21. Bc4 Qh5 22. Qh3 Ng3+ 23. Kh2 Qxh3+ 0-1

[Event "Muensterland Verbandsklasse 2526"]
[Site "Germany"]
[Date "2025.11.15"]
[Round "3"]
[Board "7"]
[White "Soppe, Victoria"]
[Black "Bars, Joachim"]
[Result "1-0"]
[WhiteElo "1471"]
[BlackElo "1662"]
[WhiteFideId "-1"]
[BlackFideId "-1"]
[PlyCount "77"]
[GameId "2244864592887808"]
[EventDate "2025.??.??"]
[EventType "team-tourn"]
[EventRounds "9"]
[EventCountry "GER"]
[SourceTitle "Verband Muensterland"]
[SourceDate "2026.01.17"]
[SourceVersion "1"]
[SourceVersionDate "2026.01.17"]
[SourceQuality "1"]
[WhiteTeam "Greven"]
[BlackTeam "Drensteinfurt"]
[WhiteTeamCountry "GER"]
[BlackTeamCountry "GER"]

1. d4 Nf6 2. e3 d5 3. Bd3 e6 4. f4 c5 5. c3 Nc6 6. Nf3 cxd4 7. exd4 Bd6 8. O-O O-O 9. Be3 Qc7 10. Ne5 h6 11. Nd2 Ne7 12. g4 Nh7 13. Qc2 f5 14. g5 Bxe5 15. dxe5 h5 16. c4 g6 17. c5 Bd7 18. b4 a6 19. a4 Rfc8 20. b5 Qd8 21. Qb2 Qe8 22. Bd4 Nf8 23. Qb4 Rcb8 24. Nb3 Nc8 25. Rfb1 Na7 26. Na5 Qd8 27. Qc3 Qe8 28. c6 bxc6 29. Bxa7 Rxa7 30. bxc6 Rxb1+ 31. Rxb1 Bc8 32. Nb7 Qe7 33. Qb4 Qc7 34. Qb6 Qxb6+ 35. Rxb6 Ra8 36. Bxa6 Ra7 37. Nc5 Rc7 38. Bxc8 Rxc8 39. a5 1-0

[Event "Muensterland Verbandsklasse 2526"]
[Site "Germany"]
[Date "2025.11.15"]
[Round "3"]
[Board "8"]
[White "Delchmann, David"]
[Black "Hornemann, Ulrich"]
[Result "1-0"]
[WhiteElo "1535"]
[BlackElo "1416"]
[WhiteFideId "-1"]
[BlackFideId "-1"]
[PlyCount "63"]
[GameId "2244864659996672"]
[EventDate "2025.??.??"]
[EventType "team-tourn"]
[EventRounds "9"]
[EventCountry "GER"]
[SourceTitle "Verband Muensterland"]
[SourceDate "2026.01.17"]
[SourceVersion "1"]
[SourceVersionDate "2026.01.17"]
[SourceQuality "1"]
[WhiteTeam "Drensteinfurt"]
[BlackTeam "Greven"]
[WhiteTeamCountry "GER"]
[BlackTeamCountry "GER"]

1. e4 e6 2. d4 d5 3. exd5 exd5 4. Nf3 Nf6 5. Bd3 Bg4 6. h3 Bxf3 7. Qxf3 Be7 8. Bf4 Nc6 9. c3 h6 10. Nd2 O-O 11. Nf1 Bd6 12. Bd2 Re8+ 13. Ne3 a6 14. O-O-O Be7 15. g4 Ne4 16. Bxe4 dxe4 17. Qxe4 Bg5 18. Qd3 b5 19. a3 Ne5 20. Qe4 Nc4 21. Qf3 Na5 22. Kc2 Nc4 23. Nxc4 bxc4 24. Rhe1 Qd7 25. Rxe8+ Rxe8 26. Re1 Rb8 27. Bxg5 hxg5 28. Re5 Qa4+ 29. Kc1 Qb3 30. Qe2 Qa2 31. Re8+ Kh7 32. Rxb8 1-0

[Event "Muensterland Verbandsklasse 2526"]
[Site "Germany"]
[Date "2025.11.15"]
[Round "3"]
[Board "1"]
[White "Koke, Christoph"]
[Black "Georg, Felix"]
[Result "1/2-1/2"]
[WhiteElo "2065"]
[BlackElo "2042"]
[WhiteFideId "-1"]
[BlackFideId "-1"]
[PlyCount "40"]
[GameId "2223846287041854"]
[EventDate "2025.??.??"]
[EventType "team-tourn"]
[EventRounds "9"]
[EventCountry "GER"]
[SourceTitle "Verband Muensterland"]
[SourceDate "2026.01.17"]
[SourceVersion "1"]
[SourceVersionDate "2026.01.17"]
[SourceQuality "1"]
[WhiteTeam "Olfen"]
[BlackTeam "Nordkirchen"]
[WhiteTeamCountry "GER"]
[BlackTeamCountry "GER"]

{[%evp 0,40,20,16,19,25,25,29,30,25,24,21,16,14,15,24,38,22,17,24,16,21,25,12,13,22,38,55,89,97,66,81,127,47,115,83,85,86,84,112,82,7,14]} 1. d4 e6 2. e4 d5 3. Nd2 c5 4. exd5 Qxd5 5. Ngf3 cxd4 6. Bc4 Qd7 7. O-O Nc6 8. Nb3 a6 9. a4 Nf6 10. Qe2 Bd6 11. Rd1 Qc7 12. Bg5 Be7 13. Nbxd4 Nxd4 14. Rxd4 Bd7 15. Ne5 Rd8 16. Rad1 Bc8 17. Rxd8+ Bxd8 18. Ng4 Bd7 19. b3 Be7 20. Ne3 Bc6 1/2-1/2

[Event "Muensterland Verbandsklasse 2526"]
[Site "Germany"]
[Date "2025.11.15"]
[Round "3"]
[Board "2"]
[White "Husemann, Andreas"]
[Black "Pinno, Gregor"]
[Result "0-1"]
[WhiteElo "1858"]
[BlackElo "1976"]
[WhiteFideId "-1"]
[BlackFideId "-1"]
[PlyCount "86"]
[GameId "2223846287041854"]
[EventDate "2025.??.??"]
[EventType "team-tourn"]
[EventRounds "9"]
[EventCountry "GER"]
[SourceTitle "Verband Muensterland"]
[SourceDate "2026.01.17"]
[SourceVersion "1"]
[SourceVersionDate "2026.01.17"]
[SourceQuality "1"]
[WhiteTeam "Nordkirchen"]
[BlackTeam "Olfen"]
[WhiteTeamCountry "GER"]
[BlackTeamCountry "GER"]

{[%evp 0,85,22,10,12,8,36,38,35,46,41,36,35,32767,43,32,49,44,58,32767,37,48,56,49,46,32767,47,41,49,37,32767,32767,37,-31,-37,-77,-83,-82,-119,-123,-119,-146,-145,-149,-79,-88,-29,-66,-30,-64,-37,-52,0,-23,-4,-38,-16,-83,-22,-89,-75,-85,-89,-94,-48,-87,-62,-66,32767,-111,-90,-100,-60,-102,-95,-58,-82,-371,-388,-386,-392,-333,-369,32767,-492,-1114,-1104,-1082]} 1. d4 Nf6 2. Nf3 c5 3. d5 e6 4. c4 exd5 5. cxd5 d6 6. Nc3 g6 7. e4 Bg7 8. Be2 O-O 9. O-O Re8 10. Qc2 Bg4 11. h3 Bxf3 12. Bxf3 Nbd7 13. Be3 a6 14. a4 c4 15. a5 Rc8 16. Rfe1 Nc5 17. Bxc5 Rxc5 18. Qa4 Nd7 19. Qb4 Qc7 20. Kf1 Ne5 21. Be2 Rc8 22. Ra3 g5 23. Rd1 Qe7 24. Qa4 Qf6 25. Qc2 Ng6 26. Qd2 Nf4 27. Kg1 Qd8 28. Rda1 Be5 29. Qe3 Qf6 30. Rd1 h5 31. Bf1 Kg7 32. g3 Ng6 33. Kg2 Rh8 34. Qf3 Qd8 35. Qf5 Rxa5 36. Rxa5 Qxa5 37. Qxg5 b5 38. f4 Bf6 39. Qf5 Bxc3 40. bxc3 Qxc3 41. Be2 h4 42. Bf3 Qc2+ 43. Kf1 hxg3 0-1